006890000a22001570004500090001700000245015000017246013300167041001400300700003500314700003100349700003900380100003100419942001300450773005100463999001700514 aASbSeriadas10aVariación de algunos parámetros fisicoquímicos en el río Pescador, Valle del Cauca, durante ciclo El Niño 1997/1998 La NIña 1998/19993 aVariation of some physico-chemical parameters in Pescador river, Valle del Cauca, during El Niño 1997/1998 La NIña 1998/19990 aEspañol1 aVásquez, Guillermo L.9997411 aRamírez , Juan C.9997421 aNavarrete, Ángela María9997431 aBlanco, Juan Felipe937208 cARTICULO1 tActualidades Biológicash78q59-69d2003g25 c15464d15464